000 00316 a2200109 4500
001 ART_30610
005 20260410162002.0
008 260409a
245 1 0 _aLa progresividad del sistema tributario
100 1 _aMacon, Jorge
773 0 _tForo económico
_g- Año II, Nº 3 (nov. 1996)
_wREV30369
999 _c31414
_d31414